| 000 | 01065nam a22002297a 4500 | ||
|---|---|---|---|
| 008 | 090610t xxu||||| |||| 00| 0 eng d | ||
| 022 | _a00108367 | ||
| 082 |
_222 _a327 _bCOO |
||
| 245 |
_aCooperation and conflict / _cNordic International Studies Association. |
||
| 260 |
_aLondon : _bSage, _cc2008- |
||
| 300 |
_avol. : _bill.; _c24 cm. |
||
| 310 | _aQuarterly | ||
| 650 | 0 |
_aInternational cooperation _vPeriodicals. _96056 |
|
| 710 |
_aNordic International Studies Association. _96057 |
||
| 856 | _uhttp://cac.sagepub.com/current.dtl | ||
| 942 |
_2ddc _cJOURNAL _s1 |
||
| 999 |
_c11800 _d11800 |
||